Photographies catalanes des années trente : Centre d'Études Catalanes ... Paris, novembre 1982 Centre d'Études Catalanes ... Paris, novembre 1982
Descripción Física:
[64] p. : il. , 29 cm
Materias:
Fotografies -- Catalunya -- Exposicions
MARC
| LEADER | 00000nam a2200000Ia 4500 | ||
|---|---|---|---|
| 001 | 1386 | ||
| 008 | 160829s9999 xx 000 0 cat d | ||
| 080 | |a B-1-371 | ||
| 245 | |a Photographies catalanes des années trente : |b Centre d'Études Catalanes ... Paris, novembre 1982 | ||
| 260 | |a Barcelona : |b Departament de Cultura de la Generalitat de Catalunya, DL 1982 | ||
| 300 | |a [64] p. : |b il. , 29 cm | ||
| 590 | |a Catàleg de l'exposició | ||
| 650 | |a Fotografies |x Catalunya |x Exposicions |9 19823 | ||
| 710 | 2 | |a Catalunya. |b Departament de Cultura |9 52819 | |
| 901 | |a Arxiu | ||
| 942 | |n 1 | ||
| 952 | |0 0 |1 0 |4 0 |6 B1371 |7 1 |9 41335 |a Arxiu |b Arxiu |d 2016-12-01 |l 0 |o B-1-371 |p 1386 |r 2016-12-01 00:00:00 |w 2016-12-01 |y ARXIU | ||
| 999 | |c 43143 |d 43143 | ||